00817 2200205 4500001002100000005001500021035002000036007000300056008004100059020001800100082001100118084001700129100002400146245004700170250001100217260003400228300002100262520031200283990001600595INLIS00000000000011920260520102641 a0010-0526000007ta260520 b 0 ind  a9786020759326 a297.63 a297.63 BUN p0 aBunda Ary Indriyani1 aPelajaran Dari Uhud /cBunda Ary Indriyani aCet. I aBandung :bCordoba Kids,cs.a a19 hlm. :bIlus. aBuku anak Pelajaran Dari Uhud menceritakan peristiwa Perang Uhud dan hikmah yang dapat diambil dari kejadian tersebut. Disajikan dengan bahasa sederhana dan mudah dipahami anak, buku ini mengajarkan nilai keberanian, ketaatan, disiplin, kesabaran, serta pentingnya mengikuti perintah demi mencapai kebaikan. a00000000138